| 000 | 01329nam a2200385 a 4500 | ||
|---|---|---|---|
| 003 | AR-BaBNM | ||
| 005 | 20251128205008.0 | ||
| 008 | 082120s2002 ||||||||||||||000 | spa|| | ||
| 020 | _a0-8270-3284-6 | ||
| 040 | _cAR-BaBNM | ||
| 245 | 0 | 0 |
_aEducación y medio ambiente en los países andinos _bestrategias educativas |
| 260 |
_aWashington, D.C. _bOEA _c1995 |
||
| 300 |
_ax, 191 p. _btablas |
||
| 490 | 0 |
_aInteramer. Educativa _vv. 43 |
|
| 500 | _aOEA: Organización de Estados Americanos | ||
| 500 | _aEcuador, 1992: Seminario sobre el tema de educación ambiental a nivel escolar primario en cuatro países andinos | ||
| 500 | _aPMET: Proyecto Multinacional de Educación para el Trabajo | ||
| 500 | _aPREDE/OEA: Programa Regional de Desarrollo Educativo | ||
| 504 | _aLa bibliografía se encuentra al final de cada capítulo | ||
| 650 | 4 | _aEDUCACION AMBIENTAL | |
| 650 | 4 | _aPLANIFICACION DEL CURRICULO | |
| 650 | 4 | _aESTUDIOS DE CASOS | |
| 650 | 4 | _aTECNICAS DIDACTICAS | |
| 651 | 4 | _aVenezuela | |
| 651 | 4 | _aEcuador | |
| 651 | 4 | _aColombia | |
| 651 | 4 | _aBolivia | |
| 653 | _aEDUCACION PRIMARIA | ||
| 653 | _aTEMAS TRANSVERSALES | ||
| 700 | 1 |
_aEdwards, Beatrice _ecompilador |
|
| 700 | 1 |
_aKrsticevic, Viviana _erevisión |
|
| 800 | 1 |
_aCarvalho, Getulio P. _edirector |
|
| 942 | _cBK | ||
| 998 | _csilvi | ||
| 999 |
_c9619 _d9619 |
||